Summa Conciliorum Hispaniae (Record no. 8666)

MARC details
000 -CABECERA
campo de control de longitud fija 01040nam a2200241 a 4500
001 - NÚMERO DE CONTROL
campo de control BRCA_9015
005 - FECHA Y HORA DE LA ÚLTIMA TRANSACCIÓN
campo de control 20190320210508.0
008 - DATOS DE LONGITUD FIJA--INFORMACIÓN GENERAL
campo de control de longitud fija 200717s1785----sp-a######---#000-0#lat-#
041 ## - CÓDIGO DE LENGUA
Código de lengua del texto/banda sonora o título independiente lat
044 ## - CÓDIGO DEL PAÍS DE LA ENTIDAD EDITORA/PRODUCTORA
Código MARC del país sp
084 ## - OTRO NÚMERO DE CLASIFICACIÓN
Número de clasificación CO83
Número de documento/Ítem .V55 1785
100 1# - ENTRADA PRINCIPAL--NOMBRE DE PERSONA
Nombre de persona Villanuño, Matías de
9 (RLIN) 21269
245 10 - MENCIÓN DE TÍTULO
Título Summa Conciliorum Hispaniae
Resto del título quotquot inveniri potuerunt ad usque saeculum proxime praeteritum, epistolarum ad hispanos cum earum delectu, notis, novisque dissertationibus adornata
Mención de responsabilidad, etc. opera et studio P. M. F. Mathiae de Villanuño, sacrae theologiae emeriti professoris, Congregationis S. Benedicti Vallisoletanae Gen. Magistri.
260 ## - PUBLICACIÓN, DISTRIBUCIÓN, ETC.
Lugar de publicación, distribución, etc. Matriti
Nombre del editor, distribuidor, etc. Apud Joachimum Ibarra, S.C.R.M. Typograph
Fecha de publicación, distribución, etc. 1785
300 ## - DESCRIPCIÓN FÍSICA
Extensión 596 p. (t.1)
Dimensiones 21 x 15.7 cm
500 ## - NOTA GENERAL
Nota general Superiorum permissu
500 ## - NOTA GENERAL
Nota general Estado físico: presenta encuadernación en pergamino con cintas
546 ## - NOTA DE LENGUA/LENGUAJE
Nota de lengua/lenguaje Texto en: latín
650 14 - PUNTO DE ACCESO ADICIONAL DE MATERIA--TÉRMINO DE MATERIA
Término de materia o nombre geográfico como elemento de entrada Concilis i sínodes
Subdivisión geográfica España
9 (RLIN) 21270
700 1# - PUNTO DE ACCESO ADICIONAL--NOMBRE DE PERSONA
Nombre de persona Ibarra, Joaquín,
Fechas asociadas al nombre 1725-1785
Término indicativo de función/relación Impresor
9 (RLIN) 21271
902 ## - CATALOGADOR
Iniciales CFM
942 ## - ELEMENTOS DE PUNTO DE ACCESO ADICIONAL (KOHA)
Fuente del sistema de clasificación o colocación Library of Congress Classification
Tipo de ítem Koha Libros
Holdings
Estado de retiro Estado de pérdida Estado dañado No para préstamo Localización permanente Ubicación/localización actual Fecha de adquisición Total de préstamos Signatura topográfica completa Código de barras Fecha visto por última vez Precio válido a partir de Tipo de ítem Koha
El ejemplar forma parte de la colección y puede ser consultado según las políticas vigentes.       Biblioteca del Museo Franz Mayer (Rogerio Casas-Alatriste) Biblioteca del Museo Franz Mayer (Rogerio Casas-Alatriste) 20/07/2017   CO83 .V55 1785 CFM00397 22/03/2019 22/03/2019 Libros